[Event "Aut_chT1112"]
[Site "Jenbach"]
[Date "2012.01.22"]
[Round "3"]
[Board "6"]
[White "Arztmann, Wolfgang"]
[Black "Lendwai, Reinhard"]
[Result "1/2-1/2"]
[WhiteElo "2146"]
[BlackElo "2395"]
[PlyCount "71"]
[EventDate "2012.01.20"]
[EventType "team"]
[EventRounds "11"]
[EventCountry "AUT"]
[WhiteTeam "SV Raika Rapid Feffernitz"]
[BlackTeam "SK Advisory Invest Baden"]

1. e4 d5 2. exd5 Qxd5 3. Nf3 Nf6 4. d4 c6 5. Be2 Bf5 6. O-O Nbd7 7. c4 Qd6 8.
Nc3 e6 9. Re1 Be7 10. g3 O-O 11. a3 Qc7 12. b4 Rfd8 13. Qb3 Ne4 14. Nxe4 Bxe4
15. Bf4 Bd6 16. Bg5 Re8 17. c5 Be7 18. Bf4 Qd8 19. Bc4 Bd5 20. Bxd5 exd5 21. b5
Bf6 22. Rxe8+ Qxe8 23. Re1 Qc8 24. Bd6 Nf8 25. bxc6 bxc6 26. Bxf8 Kxf8 27. Kg2
Rb8 28. Qa4 Qd7 29. Re3 g6 30. Ne5 Bxe5 31. Rxe5 h5 32. h3 Re8 33. Rxe8+ Kxe8
34. Qb3 Qc7 35. Qe3+ Kd8 36. h4 1/2-1/2

[Event "Aut_chT1112"]
[Site "Jenbach"]
[Date "2012.01.22"]
[Round "3"]
[Board "1"]
[White "Kunin, Vitaly"]
[Black "Fauland, Alexander"]
[Result "1/2-1/2"]
[WhiteElo "2524"]
[BlackElo "2452"]
[PlyCount "218"]
[EventDate "2012.01.20"]
[EventType "team"]
[EventRounds "11"]
[EventCountry "AUT"]
[WhiteTeam "SpGem. Kufstein Woergl"]
[BlackTeam "ASVOE Poechlarn/Mauerbach"]

1. d4 Nf6 2. Nf3 e6 3. g3 b6 4. c4 Ba6 5. Qb3 Nc6 6. Bd2 Bb7 7. d5 Ne7 8. dxe6
fxe6 9. Bg2 Nf5 10. O-O Bc5 11. Bb4 Qe7 12. Bxc5 Qxc5 13. Nbd2 O-O 14. Qc3 a5
15. Rac1 Nd6 16. Qd3 a4 17. Qc3 Nfe4 18. Nxe4 Bxe4 19. Rfd1 Ra5 20. b4 axb3 21.
axb3 Ra3 22. Ra1 Rfa8 23. Rxa3 Rxa3 24. Ne5 Bxg2 25. Kxg2 Ra5 26. Nd3 Qc6+ 27.
f3 Nf5 28. Rd2 d6 29. e4 Ne7 30. b4 Ra4 31. c5 bxc5 32. bxc5 d5 33. Rb2 h6 34.
Rb8+ Kh7 35. Nb4 Qd7 36. exd5 exd5 37. Qc2+ Ng6 38. f4 Ra3 39. f5 Ne7 40. f6+
Ng6 41. fxg7 Qxg7 42. Qf5 Qe5 43. Qf7+ Qg7 44. Qf5 Qe5 45. Qf7+ Qg7 46. Qxg7+
Kxg7 47. Nxd5 Ne5 48. Rb7 Ra2+ 49. Kh3 h5 50. Rxc7+ Kh6 51. g4 Nxg4 52. c6
Rxh2+ 53. Kg3 Rc2 54. Rc8 Kg7 55. c7 Kf7 56. Rh8 Ke6 57. Rd8 Ke5 58. Kh4 Nf6
59. Nxf6 Rxc7 60. Nxh5 Rc2 61. Ng3 Rf2 62. Re8+ Kd5 63. Kg4 Ra2 64. Ne4 Ra1 65.
Nd2 Rh1 66. Kf4 Rh4+ 67. Ke3 Rh1 68. Nf3 Ra1 69. Re5+ Kd6 70. Ke4 Rf1 71. Rd5+
Ke6 72. Nd4+ Kf6 73. Rd6+ Ke7 74. Ra6 Re1+ 75. Kd5 Kf7 76. Nf3 Rb1 77. Ne5+ Ke7
78. Re6+ Kf8 79. Rf6+ Kg7 80. Rg6+ Kh7 81. Rg2 Kh6 82. Ke6 Kh5 83. Nf3 Rb5 84.
Kf6 Rb6+ 85. Kf5 Kh6 86. Ne5 Rb1 87. Rg6+ Kh7 88. Rg3 Kh6 89. Nf7+ Kh7 90. Ng5+
Kg8 91. Kf6 Rf1+ 92. Kg6 Kf8 93. Re3 Rg1 94. Re2 Rg4 95. Re3 Rg1 96. Re5 Rg2
97. Re1 Rg4 98. Kf5 Rb4 99. Re5 Rb1 100. Re3 Rf1+ 101. Kg6 Rg1 102. Kf6 Rf1+
103. Nf3 Ra1 104. Nd4 Rf1+ 105. Nf5 Ra1 106. Re6 Rf1 107. Re2 Ra1 108. Rd2 Ra6+
109. Nd6 Rb6 1/2-1/2

[Event "Aut_chT1112"]
[Site "Jenbach"]
[Date "2012.01.22"]
[Round "3"]
[Board "3"]
[White "Zelbel, Patrick"]
[Black "Poetsch, Hagen"]
[Result "1/2-1/2"]
[WhiteElo "2379"]
[BlackElo "2432"]
[PlyCount "46"]
[EventDate "2012.01.20"]
[EventType "team"]
[EventRounds "11"]
[EventCountry "AUT"]
[WhiteTeam "SpGem. Kufstein Woergl"]
[BlackTeam "ASVOE Poechlarn/Mauerbach"]

1. d4 Nf6 2. Nf3 b6 3. e3 Bb7 4. Bd3 g6 5. Nbd2 c5 6. c3 Bg7 7. e4 cxd4 8. cxd4
d6 9. O-O O-O 10. b4 e5 11. Bb2 Nc6 12. a3 exd4 13. Nxd4 Ne5 14. Bb1 d5 15.
exd5 Qxd5 16. N4f3 Nd3 17. Bd4 Nf4 18. Be5 Nd3 19. Bd4 Ba6 20. Bxd3 Bxd3 21.
Re1 Rfe8 22. Qb3 Qxb3 23. Nxb3 Rac8 1/2-1/2

[Event "Aut_chT1112"]
[Site "Jenbach"]
[Date "2012.01.22"]
[Round "3"]
[Board "4"]
[White "Tuncer, Ufuk"]
[Black "Koepke, Christian"]
[Result "1-0"]
[WhiteElo "2287"]
[BlackElo "2398"]
[PlyCount "51"]
[EventDate "2012.01.20"]
[EventType "team"]
[EventRounds "11"]
[EventCountry "AUT"]
[WhiteTeam "ASVOE Poechlarn/Mauerbach"]
[BlackTeam "SpGem. Kufstein Woergl"]

1. d4 d5 2. Nf3 Bf5 3. Bf4 e6 4. e3 Bd6 5. Bg3 Nf6 6. Nbd2 O-O 7. c4 Bxg3 8.
hxg3 c6 9. Nh4 Bg6 10. Nxg6 hxg6 11. cxd5 cxd5 12. Bd3 Nc6 13. f4 Qa5 14. a3
Rfc8 15. g4 Qb6 16. g5 Ne8 17. Qg4 Nxd4 18. Qh3 Kf8 19. exd4 Qxd4 20. Bxg6 Qxb2
21. Rb1 Rc1+ 22. Ke2 Rxh1 23. Qxh1 Qc3 24. Rxb7 Nc7 25. Qh8+ Ke7 26. Qxa8 1-0

[Event "Aut_chT1112"]
[Site "Jenbach"]
[Date "2012.01.22"]
[Round "3"]
[Board "5"]
[White "Berchtenbreiter, Maximilian"]
[Black "Kostic, Vladimir"]
[Result "1-0"]
[WhiteElo "2330"]
[BlackElo "2424"]
[PlyCount "53"]
[EventDate "2012.01.20"]
[EventType "team"]
[EventRounds "11"]
[EventCountry "AUT"]
[WhiteTeam "SpGem. Kufstein Woergl"]
[BlackTeam "ASVOE Poechlarn/Mauerbach"]

1. e4 c5 2. Nf3 Nc6 3. d4 cxd4 4. Nxd4 Nf6 5. Nc3 e5 6. Ndb5 d6 7. Na3 Bg4 8.
f3 Be6 9. Bg5 Rc8 10. Nc4 Nd4 11. Nd5 Be7 12. c3 Nxd5 13. exd5 Bxd5 14. Bxe7
Qxe7 15. Ne3 Bxf3 16. gxf3 Qh4+ 17. Kd2 Qf2+ 18. Kd3 Qxb2 19. cxd4 Rc3+ 20. Ke4
O-O 21. dxe5 Qb4+ 22. Qd4 f5+ 23. Nxf5 d5+ 24. Kxd5 Qa5+ 25. Ke4 Qc7 26. Bd3
Qf7 27. Nh6+ 1-0

[Event "Aut_chT1112"]
[Site "Jenbach"]
[Date "2012.01.22"]
[Round "3"]
[Board "6"]
[White "Penz, Harald"]
[Black "Neuschmied, Siegfried"]
[Result "1/2-1/2"]
[WhiteElo "2349"]
[BlackElo "2308"]
[PlyCount "84"]
[EventDate "2012.01.20"]
[EventType "team"]
[EventRounds "11"]
[EventCountry "AUT"]
[WhiteTeam "ASVOE Poechlarn/Mauerbach"]
[BlackTeam "SpGem. Kufstein Woergl"]

1. e4 d6 2. d4 g6 3. Nc3 Bg7 4. Be3 c6 5. f3 b5 6. Qd2 Nd7 7. Bd3 a6 8. a4 b4
9. Nd1 a5 10. Ne2 Ba6 11. Bxa6 Rxa6 12. O-O Ngf6 13. c3 bxc3 14. bxc3 O-O 15.
Nf2 Qc7 16. Rab1 Rb8 17. c4 Rxb1 18. Rxb1 Rb6 19. Rb2 Qa7 20. Nd3 Qa6 21. Qc3
c5 22. Rb5 cxd4 23. Bxd4 Rc6 24. Nb2 Rc8 25. Qxa5 Qc6 26. Qb4 e6 27. Rb7 d5 28.
cxd5 exd5 29. Qb5 dxe4 30. Qxc6 Rxc6 31. fxe4 Nf8 32. h3 Nxe4 33. a5 Ra6 34.
Nc4 Ra8 35. Bxg7 Kxg7 36. Nd4 Rd8 37. Nb5 Rd1+ 38. Kh2 h5 39. h4 Ra1 40. Rb6
Ra4 41. Nbd6 Nxd6 42. Nxd6 Rxa5 1/2-1/2

[Event "Aut_chT1112"]
[Site "Jenbach"]
[Date "2012.01.22"]
[Round "3"]
[Board "1"]
[White "Polak, Tomas"]
[Black "Ragger, Markus"]
[Result "1/2-1/2"]
[WhiteElo "2535"]
[BlackElo "2654"]
[PlyCount "58"]
[EventDate "2012.01.20"]
[EventType "team"]
[EventRounds "11"]
[EventCountry "AUT"]
[WhiteTeam "SK Zwettl"]
[BlackTeam "SK MPOE Maria Saal"]

1. d4 d5 2. c4 e6 3. Nc3 c6 4. cxd5 exd5 5. Bf4 Bd6 6. Bxd6 Qxd6 7. e3 Bf5 8.
Nge2 Ne7 9. Ng3 Bg6 10. h4 h5 11. Be2 Qb4 12. Qd2 Nd7 13. Bf3 Nf5 14. Nge2 Qe7
15. g3 Nd6 16. Nf4 Be4 17. Nxe4 Nxe4 18. Bxe4 Qxe4 19. Ke2 a5 20. Qd3 Qe7 21.
Rac1 Nf6 22. f3 O-O 23. Kf2 Rfe8 24. Rhe1 g6 25. Re2 Kg7 26. Rh1 Rac8 27. Rc1
Ra8 28. Rh1 Rac8 29. Rc1 Ra8 1/2-1/2

[Event "Aut_chT1112"]
[Site "Jenbach"]
[Date "2012.01.22"]
[Round "3"]
[Board "2"]
[White "Buhmann, Rainer"]
[Black "Likavsky, Tomas"]
[Result "0-1"]
[WhiteElo "2614"]
[BlackElo "2486"]
[PlyCount "84"]
[EventDate "2012.01.20"]
[EventType "team"]
[EventRounds "11"]
[EventCountry "AUT"]
[WhiteTeam "SK MPOE Maria Saal"]
[BlackTeam "SK Zwettl"]

1. d4 d6 2. c4 g6 3. e4 Bg7 4. Nf3 e5 5. Be2 Nc6 6. Bg5 f6 7. Be3 Nh6 8. d5 Ne7
9. Nc3 c5 10. Nd2 f5 11. f3 Nf7 12. b4 cxb4 13. Qa4+ Bd7 14. Qxb4 b6 15. a4 Nc8
16. a5 Bh6 17. Bxh6 Qh4+ 18. g3 Qxh6 19. Nb5 Rb8 20. axb6 axb6 21. exf5 gxf5
22. Ra3 O-O 23. Qb2 Bxb5 24. Qxb5 Ne7 25. Qb2 b5 26. cxb5 Nxd5 27. Nc4 f4 28.
O-O Ng5 29. Bd1 Nh3+ 30. Kg2 Rf6 31. g4 Ne3+ 32. Nxe3 fxe3 33. Re1 Nf4+ 34. Kg1
Qh3 35. Rexe3 Rxb5 36. Bb3+ Kg7 37. Ra7+ Kh6 38. Qc2 Rg6 39. Rc3 e4 40. Qd2 e3
41. Rxe3 Re5 42. Ra2 Rxe3 0-1

[Event "Aut_chT1112"]
[Site "Jenbach"]
[Date "2012.01.22"]
[Round "3"]
[Board "3"]
[White "Blatny, Pavel"]
[Black "Pavasovic, Dusko"]
[Result "1/2-1/2"]
[WhiteElo "2396"]
[BlackElo "2557"]
[PlyCount "84"]
[EventDate "2012.01.20"]
[EventType "team"]
[EventRounds "11"]
[EventCountry "AUT"]
[WhiteTeam "SK Zwettl"]
[BlackTeam "SK MPOE Maria Saal"]

1. d4 f5 2. g3 g6 3. Bg2 Nf6 4. c4 Bg7 5. Nc3 O-O 6. e4 fxe4 7. Nxe4 Nxe4 8.
Bxe4 Nc6 9. Ne2 d6 10. O-O Bh3 11. Re1 Bg4 12. Be3 Qd7 13. Qd2 e5 14. d5 Ne7
15. Qd3 Bf3 16. Bxf3 Rxf3 17. Kg2 Raf8 18. Qe4 R3f7 19. Rf1 Nf5 20. Bd2 c6 21.
a4 Bh6 22. Bxh6 Nxh6 23. f3 cxd5 24. cxd5 Nf5 25. Rac1 Qd8 26. Rc3 Qb6 27. b3
Rc7 28. Rfc1 Rfc8 29. Rxc7 Rxc7 30. Rxc7 Qxc7 31. f4 Qe7 32. g4 exf4 33. Qxe7
Nxe7 34. Nxf4 h6 35. h4 Kf7 36. Kf3 Kf6 37. Ke4 g5 38. hxg5+ Kxg5 39. Kf3 Kf6
40. Ke4 Kg5 41. Kf3 Kf6 42. Ke4 Kg5 1/2-1/2

[Event "Aut_chT1112"]
[Site "Jenbach"]
[Date "2012.01.22"]
[Round "3"]
[Board "4"]
[White "Kreisl, Robert"]
[Black "Schroll, Gerhard"]
[Result "1/2-1/2"]
[WhiteElo "2400"]
[BlackElo "2388"]
[PlyCount "62"]
[EventDate "2012.01.20"]
[EventType "team"]
[EventRounds "11"]
[EventCountry "AUT"]
[WhiteTeam "SK MPOE Maria Saal"]
[BlackTeam "SK Zwettl"]

1. Nf3 f5 2. g3 Nf6 3. Bg2 d5 4. c4 e6 5. O-O Bd6 6. Nc3 c6 7. d3 Bc7 8. e4 d4
9. Ne2 fxe4 10. dxe4 e5 11. Ne1 Qe7 12. Nd3 O-O 13. f4 Nbd7 14. b3 exf4 15.
Bxf4 Bxf4 16. Nexf4 Ne5 17. Nxe5 Qxe5 18. Nd3 Qg5 19. Qc1 Qxc1 20. Raxc1 Bg4
21. Rce1 Nd7 22. Rf4 Rxf4 23. gxf4 Re8 24. Kf2 g6 25. Kg3 Be6 26. Bf3 a5 27.
Bg4 Bxg4 28. Kxg4 b6 29. Kf3 Kf7 30. Re2 c5 31. Rg2 Nf6 1/2-1/2

[Event "Aut_chT1112"]
[Site "Jenbach"]
[Date "2012.01.22"]
[Round "3"]
[Board "5"]
[White "Pisk, Petr"]
[Black "Halvax, Georg"]
[Result "1/2-1/2"]
[WhiteElo "2385"]
[BlackElo "2277"]
[PlyCount "70"]
[EventDate "2012.01.20"]
[EventType "team"]
[EventRounds "11"]
[EventCountry "AUT"]
[WhiteTeam "SK Zwettl"]
[BlackTeam "SK MPOE Maria Saal"]

1. e4 e5 2. Nf3 Nc6 3. d4 exd4 4. Bc4 Nf6 5. O-O Bc5 6. e5 d5 7. exf6 dxc4 8.
Re1+ Be6 9. fxg7 Rg8 10. Bg5 Be7 11. Bxe7 Qxe7 12. Nxd4 Rd8 13. c3 Rxg7 14. g3
Nxd4 15. cxd4 Rg4 16. Nc3 Rgxd4 17. Qh5 Kd7 18. Ne2 Rd2 19. Qa5 Rxb2 20. Rad1+
Ke8 21. Nf4 Rxd1 22. Rxd1 Rb6 23. Qxa7 Rd6 24. Rc1 Qd7 25. Qxb7 Rd1+ 26. Rxd1
Qxd1+ 27. Kg2 Qd6 28. Nxe6 Qxe6 29. Qxc7 Qe4+ 30. Kh3 Qf5+ 31. Kg2 Qd5+ 32. Kg1
Qd1+ 33. Kg2 Qd5+ 34. Kg1 Qd1+ 35. Kg2 Qd5+ 1/2-1/2

[Event "Aut_chT1112"]
[Site "Jenbach"]
[Date "2012.01.22"]
[Round "3"]
[Board "6"]
[White "Schachinger, Mario"]
[Black "Wagner, Stefan"]
[Result "1/2-1/2"]
[WhiteElo "2391"]
[BlackElo "2156"]
[PlyCount "120"]
[EventDate "2012.01.20"]
[EventType "team"]
[EventRounds "11"]
[EventCountry "AUT"]
[WhiteTeam "SK MPOE Maria Saal"]
[BlackTeam "SK Zwettl"]

1. Nf3 c5 2. c4 g6 3. g3 Bg7 4. Bg2 Nc6 5. Nc3 e5 6. O-O Nge7 7. a3 d6 8. b4
O-O 9. Rb1 Rb8 10. d3 h6 11. Ne1 b6 12. Nc2 Be6 13. Ne3 Qd7 14. Ned5 f5 15. Qa4
Rbd8 16. bxc5 dxc5 17. Nxe7+ Nxe7 18. Nb5 Nc8 19. Qc2 Qf7 20. a4 e4 21. dxe4
Bxc4 22. exf5 gxf5 23. Nc3 Nd6 24. Bf4 Be6 25. Rfd1 Nc4 26. Rxd8 Rxd8 27. Rd1
Rxd1+ 28. Nxd1 Qd7 29. e4 Na3 30. Qc1 Qxa4 31. exf5 Bxf5 32. Bd5+ Kh7 33. Ne3
Bg6 34. Ng4 Qc2 35. Bxh6 Qxc1+ 36. Bxc1 Nb5 37. Ne3 Nc3 38. Bf3 b5 39. h4 Bd3
40. Bb2 b4 41. Kg2 Na4 42. Bxg7 Kxg7 43. Bd1 Nc3 44. Kf3 c4 45. Bc2 Be2+ 46.
Kf4 b3 47. Ke5 bxc2 48. Nxc2 Nb5 49. Kd5 c3 50. Kc5 a5 51. f4 a4 52. Kb4 a3 53.
Nxa3 Nxa3 54. Kxa3 c2 55. Kb2 Bd3 56. g4 Kg6 57. f5+ Bxf5 58. h5+ Kg5 59. gxf5
Kxf5 60. h6 Ke5 1/2-1/2

[Event "Aut_chT1112"]
[Site "Jenbach"]
[Date "2012.01.22"]
[Round "3"]
[Board "1"]
[White "Huschenbeth, Niclas"]
[Black "Antoniewski, Rafal"]
[Result "0-1"]
[WhiteElo "2510"]
[BlackElo "2559"]
[PlyCount "62"]
[EventDate "2012.01.20"]
[EventType "team"]
[EventRounds "11"]
[EventCountry "AUT"]
[WhiteTeam "SIR Bernhard Glatz"]
[BlackTeam "ASVOE Wulkaprodersdorf"]

1. e4 c5 2. Nf3 Nc6 3. d4 cxd4 4. Nxd4 Qb6 5. Nb3 Nf6 6. Nc3 e6 7. Qe2 Bb4 8.
Bd2 O-O 9. a3 Be7 10. O-O-O d5 11. exd5 Nxd5 12. Nxd5 exd5 13. Bc3 Be6 14. Qf3
Rac8 15. Qg3 g6 16. Be2 Rfd8 17. Nd4 Nxd4 18. Bxd4 Bc5 19. Qe5 Bxd4 20. Rxd4
Qb3 21. Bd3 Qa2 22. Re1 Qa1+ 23. Kd2 Qxb2 24. Rb4 Qxa3 25. Rxb7 Qa5+ 26. Ke2
Rxc2+ 27. Kf1 Rd2 28. Qf6 Rc8 29. Bb5 Qc3 30. Qe7 Qd4 31. Be2 Rxe2 0-1

[Event "Aut_chT1112"]
[Site "Jenbach"]
[Date "2012.01.22"]
[Round "3"]
[Board "3"]
[White "Bromberger, Stefan"]
[Black "Polzin, Rainer"]
[Result "1-0"]
[WhiteElo "2513"]
[BlackElo "2460"]
[PlyCount "93"]
[EventDate "2012.01.20"]
[EventType "team"]
[EventRounds "11"]
[EventCountry "AUT"]
[WhiteTeam "SIR Bernhard Glatz"]
[BlackTeam "ASVOE Wulkaprodersdorf"]

1. e4 c5 2. Nf3 d6 3. d4 cxd4 4. Nxd4 Nf6 5. Nc3 g6 6. Be3 Bg7 7. f3 O-O 8. Qd2
Nc6 9. Bc4 Bd7 10. O-O-O Rc8 11. Bb3 Nxd4 12. Bxd4 b5 13. a3 a5 14. e5 dxe5 15.
Bxe5 Bc6 16. Qe3 Qe8 17. Rd4 Rd8 18. Re1 e6 19. Red1 Rxd4 20. Qxd4 Nh5 21. Bxg7
Nxg7 22. Qb6 a4 23. Ba2 Nf5 24. Ne2 Ba8 25. Nd4 Qb8 26. Qxb8 Rxb8 27. Nxb5 Ne3
28. Rd3 Nxg2 29. Nc7 Bc6 30. Rc3 Bb7 31. b4 Nh4 32. f4 Ng2 33. Nb5 Nxf4 34. Rc7
Bf3 35. Nd6 Rf8 36. b5 g5 37. b6 g4 38. b7 Bxb7 39. Rxb7 h5 40. Rb4 Ne2+ 41.
Kd2 Ng1 42. Ke3 Nf3 43. c4 Nxh2 44. c5 g3 45. c6 Ng4+ 46. Kf4 g2 47. Rb1 1-0

[Event "Aut_chT1112"]
[Site "Jenbach"]
[Date "2012.01.22"]
[Round "3"]
[Board "4"]
[White "Schneider, Ilja"]
[Black "Drabke, Lorenz"]
[Result "1-0"]
[WhiteElo "2480"]
[BlackElo "2439"]
[PlyCount "97"]
[EventDate "2012.01.20"]
[EventType "team"]
[EventRounds "11"]
[EventCountry "AUT"]
[WhiteTeam "ASVOE Wulkaprodersdorf"]
[BlackTeam "SIR Bernhard Glatz"]

1. d4 d5 2. c4 c6 3. Nf3 Nf6 4. Nc3 dxc4 5. e3 b5 6. a4 b4 7. Nb1 Ba6 8. Be2 e6
9. O-O c5 10. Nbd2 c3 11. bxc3 bxc3 12. Nb1 cxd4 13. Nxd4 Bb4 14. Ba3 Bxa3 15.
Rxa3 O-O 16. Nxc3 Qe7 17. Rb3 Bxe2 18. Qxe2 Nbd7 19. Qf3 Ne5 20. Qb7 Qc5 21.
Ne4 Nxe4 22. Rb5 Qc4 23. Qxe4 Nd3 24. Qc6 Rfc8 25. Qxc4 Rxc4 26. Rfb1 g6 27.
R5b3 Nc5 28. Rb4 Rc3 29. a5 Kg7 30. g3 Rd8 31. Kg2 e5 32. Nc6 Rd2 33. Nxe5 Ra2
34. Rf4 f6 35. Rc4 Rxc4 36. Nxc4 Ra4 37. Rc1 Nb3 38. Rc3 Nxa5 39. Nd6 a6 40.
Rc7+ Kg8 41. Ne8 f5 42. Nf6+ Kf8 43. Nxh7+ Kg8 44. Nf6+ Kf8 45. Nd7+ Ke7 46.
Nb6+ Kd6 47. Rd7+ Kc6 48. Nxa4 Kxd7 49. Nc5+ 1-0

[Event "Aut_chT1112"]
[Site "Jenbach"]
[Date "2012.01.22"]
[Round "3"]
[Board "5"]
[White "Geske, Julian"]
[Black "Thiede, Lars"]
[Result "1/2-1/2"]
[WhiteElo "2383"]
[BlackElo "2458"]
[PlyCount "65"]
[EventDate "2012.01.20"]
[EventType "team"]
[EventRounds "11"]
[EventCountry "AUT"]
[WhiteTeam "SIR Bernhard Glatz"]
[BlackTeam "ASVOE Wulkaprodersdorf"]

1. e4 e5 2. Nf3 Nc6 3. Bb5 a6 4. Ba4 Nf6 5. d3 d6 6. O-O Be7 7. c3 O-O 8. Re1
b5 9. Bc2 d5 10. Nbd2 dxe4 11. dxe4 Bd6 12. Nf1 Ne7 13. Ng3 Ng6 14. Nf5 Bb7 15.
h3 h6 16. Nh2 Kh8 17. Ng4 Nxg4 18. Qxg4 Qf6 19. Qh5 Rae8 20. g3 Ne7 21. h4 Nxf5
22. exf5 e4 23. Be3 Re5 24. Bd4 Rxf5 25. Qg4 Be5 26. Bxe4 Bxe4 27. Bxe5 Bf3 28.
Qxf3 Rxf3 29. Bxf6 Rxf6 30. Rad1 c5 31. Rd7 Rc8 32. Ree7 Kg8 33. Kf1 1/2-1/2

[Event "Aut_chT1112"]
[Site "Jenbach"]
[Date "2012.01.22"]
[Round "3"]
[Board "6"]
[White "Volkmann, Friedrich Karl"]
[Black "Pitl, Gregory"]
[Result "1/2-1/2"]
[WhiteElo "2410"]
[BlackElo "2388"]
[PlyCount "64"]
[EventDate "2012.01.20"]
[EventType "team"]
[EventRounds "11"]
[EventCountry "AUT"]
[WhiteTeam "ASVOE Wulkaprodersdorf"]
[BlackTeam "SIR Bernhard Glatz"]

1. d4 d5 2. c4 dxc4 3. e3 Be6 4. Nc3 Nf6 5. e4 c6 6. a4 h6 7. Nf3 g6 8. Ne5 Bg7
9. Bxc4 Bxc4 10. Nxc4 O-O 11. O-O Na6 12. Be3 Qd7 13. Ne5 Qd6 14. Qb3 Qb4 15.
Qa2 e6 16. f4 c5 17. Rad1 Rad8 18. d5 exd5 19. exd5 Nd7 20. Nxd7 Rxd7 21. f5
Re8 22. Rf4 Qb6 23. Bf2 Be5 24. Rh4 gxf5 25. Qc4 Qxb2 26. Nb5 Bg7 27. Rf4 Re5
28. d6 b6 29. Nxa7 Nb4 30. Nc8 Nd5 31. Rf3 Rd8 32. Rb3 Qa2 1/2-1/2

[Event "Aut_chT1112"]
[Site "Jenbach"]
[Date "2012.01.22"]
[Round "3"]
[Board "1"]
[White "Prohaszka, Peter"]
[Black "Baramidze, David"]
[Result "1/2-1/2"]
[WhiteElo "2553"]
[BlackElo "2612"]
[PlyCount "34"]
[EventDate "2012.01.20"]
[EventType "team"]
[EventRounds "11"]
[EventCountry "AUT"]
[WhiteTeam "ASVOE Signum Druck St. Veit/Glan"]
[BlackTeam "SK Hohenems"]

1. d4 Nf6 2. c4 e6 3. Nf3 d5 4. g3 dxc4 5. Bg2 Nc6 6. Qa4 Bb4+ 7. Bd2 Nd5 8.
Bxb4 Ndxb4 9. O-O O-O 10. Nc3 Qe7 11. a3 Nd5 12. Qxc4 Rd8 13. Rfd1 Nb6 14. Qc5
Nd7 15. Qc4 Nb6 16. Qc5 Nd7 17. Qc4 Nb6 1/2-1/2

[Event "Aut_chT1112"]
[Site "Jenbach"]
[Date "2012.01.22"]
[Round "3"]
[Board "2"]
[White "Bezold, Michael"]
[Black "Rogic, Davor"]
[Result "0-1"]
[WhiteElo "2523"]
[BlackElo "2571"]
[PlyCount "74"]
[EventDate "2012.01.20"]
[EventType "team"]
[EventRounds "11"]
[EventCountry "AUT"]
[WhiteTeam "SK Hohenems"]
[BlackTeam "ASVOE Signum Druck St. Veit/Glan"]

1. c4 e5 2. Nc3 Nf6 3. Nf3 Nc6 4. d3 d5 5. cxd5 Nxd5 6. e3 Be7 7. Be2 O-O 8.
Bd2 Be6 9. a3 a5 10. O-O Nb6 11. Na4 Nd7 12. Qc2 Bd6 13. Rfc1 Qe7 14. Be1 f5
15. Nd2 Rf6 16. g3 Raf8 17. Nc3 Rh6 18. Nb5 Nf6 19. b4 Nd5 20. Nxd6 cxd6 21. b5
Nd8 22. Bf1 f4 23. e4 fxg3 24. hxg3 Nf4 25. Nf3 Qf7 26. Nh2 Bh3 27. f3 Bxf1 28.
gxf4 Qxf4 29. Nxf1 Qxf3 30. Qg2 Qxd3 31. Ng3 Rg6 32. Bf2 Ne6 33. Rd1 Qxb5 34.
Ra2 Qb3 35. Rad2 Nf4 36. Qf1 Qf3 37. Rd3 Ne2+ 0-1

[Event "Aut_chT1112"]
[Site "Jenbach"]
[Date "2012.01.22"]
[Round "3"]
[Board "5"]
[White "Mazi, Leon"]
[Black "Novkovic, Milan"]
[Result "1/2-1/2"]
[WhiteElo "2370"]
[BlackElo "2381"]
[PlyCount "66"]
[EventDate "2012.01.20"]
[EventType "team"]
[EventRounds "11"]
[EventCountry "AUT"]
[WhiteTeam "ASVOE Signum Druck St. Veit/Glan"]
[BlackTeam "SK Hohenems"]

1. e4 c5 2. Nf3 e6 3. d4 cxd4 4. Nxd4 Nf6 5. Bd3 Nc6 6. Nxc6 dxc6 7. O-O e5 8.
Nd2 Bd6 9. Nc4 Be6 10. Qe2 Bc7 11. a4 O-O 12. Bg5 h6 13. Bd2 Qe7 14. Ne3 g6 15.
Bc3 Kh7 16. Rad1 Rad8 17. Rd2 Nh5 18. g3 Bh3 19. Rfd1 Bb6 20. Bc4 Rxd2 21. Rxd2
Rd8 22. Qd1 Rxd2 23. Qxd2 Nf6 24. Qd3 Bc5 25. Bd2 Kg7 26. f3 Bc8 27. Kg2 a6 28.
a5 Be6 29. b3 Nd7 30. Bxe6 Qxe6 31. Nc4 f6 32. Bc3 h5 33. Be1 Qe7 1/2-1/2

[Event "Aut_chT1112"]
[Site "Jenbach"]
[Date "2012.01.22"]
[Round "3"]
[Board "6"]
[White "Baldauf, Marco"]
[Black "Hebesberger, Thomas"]
[Result "0-1"]
[WhiteElo "2374"]
[BlackElo "2329"]
[PlyCount "80"]
[EventDate "2012.01.20"]
[EventType "team"]
[EventRounds "11"]
[EventCountry "AUT"]
[WhiteTeam "SK Hohenems"]
[BlackTeam "ASVOE Signum Druck St. Veit/Glan"]

1. e4 c5 2. Nf3 d6 3. d4 cxd4 4. Nxd4 Nf6 5. Nc3 g6 6. Be3 Bg7 7. f3 Nc6 8. Qd2
O-O 9. Bc4 Ne5 10. Bb3 Bd7 11. O-O-O Qa5 12. h4 Rfc8 13. h5 Nxh5 14. Nd5 Qxd2+
15. Rxd2 Kf8 16. g4 Nf6 17. Rdh2 e6 18. Nxf6 Bxf6 19. Rxh7 a6 20. g5 Bg7 21.
Kb1 Nc6 22. c3 Na5 23. Bc2 Nc4 24. Bc1 e5 25. Ne2 Bb5 26. Ng3 Nb6 27. R1h2 Kg8
28. Nf5 gxf5 29. exf5 f6 30. g6 Nd7 31. Bh6 Bxh6 32. Bb3+ Bc4 33. Rxd7 Bxb3 34.
Rxh6 Bc4 35. Kc2 Rd8 36. Rdh7 Kf8 37. g7+ Kg8 38. Rh8+ Kf7 39. g8=Q+ Rxg8 40.
R6h7+ Kf8 0-1

[Event "Aut_chT1112"]
[Site "Jenbach"]
[Date "2012.03.01"]
[Round "4"]
[Board "1"]
[White "Rapport, Richard"]
[Black "Rozentalis, Eduardas"]
[Result "0-1"]
[WhiteElo "2559"]
[BlackElo "2601"]
[PlyCount "78"]
[EventDate "2012.01.20"]
[EventType "team"]
[EventRounds "11"]
[EventCountry "AUT"]
[WhiteTeam "SK Sparkasse Fuerstenfeld"]
[BlackTeam "SK Hohenems"]

1. d4 Nf6 2. c4 e6 3. Nf3 Bb4+ 4. Bd2 c5 5. Bxb4 cxb4 6. g4 d5 7. e3 Nc6 8.
Nbd2 O-O 9. Rg1 Qe7 10. g5 Nd7 11. cxd5 exd5 12. Bd3 Rd8 13. Rg3 Nf8 14. Kf1
Be6 15. Nh4 Qd7 16. Qh5 Ne7 17. Ndf3 Neg6 18. Kg1 Rac8 19. Rf1 Re8 20. Bb1 Rc4
21. Nd2 Rc7 22. Nxg6 fxg6 23. Qf3 Rec8 24. Kh1 Bf5 25. Rgg1 Bxb1 26. Rxb1 Qe6
27. Qg2 Rc2 28. Nf3 Qf5 29. Rgf1 Ne6 30. Ne5 Nxg5 31. Qxd5+ Kh8 32. h4 Qh3+ 33.
Kg1 Qxh4 34. Qh1 Nh3+ 35. Kg2 Rf8 36. Qxh3 Rcxf2+ 37. Rxf2 Rxf2+ 38. Kg1 Qxh3
39. Kxf2 Qf5+ 0-1

[Event "Aut_chT1112"]
[Site "Jenbach"]
[Date "2012.03.01"]
[Round "4"]
[Board "2"]
[White "Bindrich, Falko"]
[Black "Hera, Imre"]
[Result "1/2-1/2"]
[WhiteElo "2542"]
[BlackElo "2555"]
[PlyCount "87"]
[EventDate "2012.01.20"]
[EventType "team"]
[EventRounds "11"]
[EventCountry "AUT"]
[WhiteTeam "SK Hohenems"]
[BlackTeam "SK Sparkasse Fuerstenfeld"]

1. c4 e6 2. Nc3 Nf6 3. Nf3 d5 4. d4 c5 5. e3 dxc4 6. Bxc4 a6 7. a4 Nc6 8. O-O
Be7 9. Qe2 O-O 10. dxc5 Qc7 11. e4 Nd7 12. Be3 Bxc5 13. Rac1 Bxe3 14. Qxe3 Qb6
15. Qf4 Qa5 16. Rfd1 Nb6 17. Bd3 e5 18. Qg3 Be6 19. Nd5 Nxd5 20. exd5 Bxd5 21.
Nxe5 Nxe5 22. Qxe5 Rfe8 23. Qh5 g6 24. Qg5 Qd8 25. Qf4 Qe7 26. Rc7 Qe6 27. h4
Rad8 28. Bf1 Bb3 29. Rdc1 Bd5 30. h5 Qe5 31. Qxe5 Rxe5 32. h6 Kf8 33. Rd1 Re7
34. Rdc1 a5 35. Bb5 Rxc7 36. Rxc7 g5 37. Bd7 Ke7 38. Bf5+ Kd6 39. Rc3 Ke5 40.
Bc2 Rd6 41. Re3+ Kd4 42. Rd3+ Ke5 43. Re3+ Kd4 44. Rd3+ 1/2-1/2